<?xml version="1.0" encoding="UTF-8"?><OAI-PMH xmlns="http://www.openarchives.org/OAI/2.0/" xmlns:xsi="http://www.w3.org/2001/XMLSchema-instance"     xsi:schemaLocation="http://www.openarchives.org/OAI/2.0/ http://www.openarchives.org/OAI/2.0/OAI-PMH.xsd"><responseDate>2026-07-02T12:39:54Z</responseDate><request verb="GetRecord" identifier="oai:regmurcia.com:fintegr.1230" metadataPrefix="marc21">http://oai.regmurcia.com/oai2/oai2.php</request><GetRecord><record><header><identifier>oai:regmurcia.com:fintegr.1230</identifier><datestamp>2026-07-02</datestamp><setSpec>documentos</setSpec></header><metadata><record  xmlns="http://www.loc.gov/MARC21/slim" xmlns:xsi="http://www.w3.org/2001/XMLSchema-instance" xsi:schemaLocation="http://www.loc.gov/MARC21/slim http://www.loc.gov/standards/marcxml/schema/MARC21slim.xsd" type="Bibliographic"><leader>00000nam a2200000   4500</leader><controlfield tag="001" >005195051</controlfield><controlfield tag="003" >1230</controlfield><controlfield tag="004" >A00000000</controlfield><datafield tag="245" ind1=" " ind2=" "><subfield code="a">Carta de merced de Fernando el Católico al concejo de Lorca, concediendo el sietmo de las cabalgadas para reparación de los muros y adarves, guardias, escuchas y atajadores.</subfield></datafield><datafield tag="300" ind1=" " ind2=" "><subfield code="c">285 x 300 mm.</subfield></datafield><datafield tag="351" ind1=" " ind2=" "><subfield code="a">Unidad Documental</subfield><subfield code="c">Archivo de Lorca. Array</subfield><subfield code="a">Unidad Documental</subfield><subfield code="c">Archivo de Lorca. Array</subfield></datafield><datafield tag="506" ind1=" " ind2=" "><subfield code="a">Acceso restringido</subfield></datafield><datafield tag="510" ind1=" " ind2=" "><subfield code="a">Pub. MORATALLA COLLADO, ANDREA. Documentos de los Reyes Católicos 1475-1491. Murcia: Academia Alfonso X el Sabio, 2003, p. 579-580</subfield></datafield><datafield tag="520" ind1=" " ind2=" "><subfield code="a">Fernando el Católico concede el sietmo de las cabalgadas para la reparación de los muros y adarves, guardias, estachas y atajadores, tal y como se tenía por costumbre, ordena al adelantado, al receptor de los quintos y a los capitanes de la frontera que guarden este privilegio, tal y como se había hecho en tiempos de los reyes anteriores.</subfield></datafield><datafield tag="583" ind1=" " ind2=" "><subfield code="u">http://www.regmurcia.com/servlet/s.Sl?METHOD=VERDOCUMENTO&amp;sit=serv,Carmesi&amp;n=/10/2773/indice.djvu</subfield></datafield><datafield tag="592" ind1=" " ind2=" "><subfield code="a">1487-10-11</subfield></datafield><datafield tag="592" ind1=" " ind2=" "><subfield code="d">1487-10-11 00:00:00</subfield></datafield><datafield tag="651" ind1=" " ind2=" "><subfield code="a">Córdoba</subfield></datafield><datafield tag="786" ind1=" " ind2=" "><subfield code="o">http://www.regmurcia.com/servlet/s.Sl?METHOD=VERDOCUMENTO&amp;sit=serv,Carmesi&amp;n=/10/2773/indice.djvu</subfield></datafield><datafield tag="856" ind1=" " ind2=" "><subfield code="u">http://www.regmurcia.com/servlet/s.Sl?METHOD=DETALLE&amp;sit=c,373,m,139,serv,Carmesi&amp;id=1230</subfield></datafield></record></metadata></record></GetRecord></OAI-PMH>
